| Tag |
First Indicator |
Second Indicator |
Subfields |
| LEADER |
00000cam a2200000 4500 |
| 001 |
in00000031483 |
| 005 |
20151007061709.0 |
| 008 |
720515s1950 nyu 00001 eng u |
| 010 |
|
|
|a 50006669
|
| 035 |
|
|
|a (OCoLC)00308304
|
| 035 |
|
|
|9 AAD2800AM
|
| 040 |
|
|
|c MRC
|d TXA
|d UtOrBLW
|
| 049 |
|
|
|a TXAM
|c [253226]
|
| 050 |
|
0 |
|a PZ3.R5606
|b Car
|
| 090 |
|
|
|a PS3535.O257
|b C3 1950
|
| 092 |
|
|
|a 813
|b R661c
|
| 100 |
1 |
|
|a Robinson, Henry Morton,
|d 1898-1961.
|
| 245 |
1 |
4 |
|a The cardinal /
|c by Henry Morton Robinson.
|
| 264 |
|
1 |
|a New York :
|b Simon and Schuster,
|c 1950.
|
| 300 |
|
|
|a 579 pages ;
|c 22 cm.
|
| 336 |
|
|
|a text
|b txt
|2 rdacontent
|
| 337 |
|
|
|a unmediated
|b n
|2 rdamedia
|
| 338 |
|
|
|a volume
|b nc
|2 rdacarrier
|
| 999 |
|
|
|a MARS
|
| 999 |
f |
f |
|s 78929e4c-2713-3a3e-861a-8d6ddf64e434
|i 9af1b259-eacb-346d-93af-90cedbfcc643
|t 0
|
| 952 |
f |
f |
|p ric
|a Texas A&M University
|b Rellis Campus
|c Joint Library Facility
|d Remote Storage
|t 0
|e PS3535.O257 C3 1950
|h Library of Congress classification
|i unmediated -- volume
|m A14801249141
|
| 998 |
f |
f |
|a PS3535.O257 C3 1950
|t 0
|l Remote Storage
|